[Event "Santa Rosa op 3rd"]
[Site "Santa Rosa"]
[Date "2018.07.07"]
[Round "2.12"]
[White "Arevalo, Santiago Martin"]
[Black "Herrero, Gustavo"]
[Result "1-0"]
[WhiteElo "2078"]
[BlackElo "1609"]
[PlyCount "71"]
[EventDate "2018.07.07"]
[EventType "swiss"]
[EventRounds "6"]
[EventCountry "ARG"]
[SourceTitle "EXT 2024"]
[Source "ChessBase"]
[SourceDate "2023.10.10"]
[SourceVersion "1"]
[SourceVersionDate "2023.10.10"]
[SourceQuality "1"]

1. d4 Nf6 2. Nf3 g6 3. Bf4 Bg7 4. c3 d6 5. h3 b6 6. e3 Bb7 7. Bc4 Nbd7 8. Qb3 d5 9. Be2 0-0 10. Nbd2 a5 11. 0-0 Rc8 12. Ne5 Nxe5 13. Bxe5 Nd7 14. Bxg7 Kxg7 15. Bf3 c6 16. e4 e6 17. c4 dxe4 18. Nxe4 Nf6 19. Nxf6 Kxf6 20. Rfd1 Qc7 21. Qc3 Kg7 22. d5+ Kg8 23. d6 Qb8 24. c5 bxc5 25. Qxc5 Qa8 26. h4 Qa6 27. a4 Rfd8 28. h5 Rd7 29. Rd4 f6 30. hxg6 hxg6 31. Re1 Re8 32. Be2 Qa8 33. Bc4 Kf7 34. Rde4 Kg7 35. Bxe6 Rde7 36. d7 1-0

[Event "Santa Rosa op 3rd"]
[Site "Santa Rosa"]
[Date "2018.07.07"]
[Round "1.7"]
[White "Herrero, Gustavo"]
[Black "Zuriel, Marisa"]
[Result "0-1"]
[WhiteElo "1609"]
[BlackElo "2120"]
[PlyCount "64"]
[EventDate "2018.07.07"]
[EventType "swiss"]
[EventRounds "6"]
[EventCountry "ARG"]
[SourceTitle "EXT 2024"]
[Source "ChessBase"]
[SourceDate "2023.10.10"]
[SourceVersion "1"]
[SourceVersionDate "2023.10.10"]
[SourceQuality "1"]

1. d4 Nf6 2. c4 g6 3. Nc3 Bg7 4. e4 d6 5. f3 Nbd7 6. Be3 c5 7. d5 a6 8. a4 0-0 9. Qd2 Qa5 10. Bh6 b5 11. Bxg7 Kxg7 12. h4 bxc4 13. Bxc4 Ne5 14. Be2 h5 15. g4 Rb8 16. g5 Ne8 17. Nh3 Qb4 18. Rb1 Bd7 19. Nf4 Bxa4 20. Nd3 Nxd3+ 21. Bxd3 Bb5 22. Bxb5 axb5 23. 0-0 Nc7 24. Ra1 Ra8 25. Qe2 Qd4+ 26. Kg2 Rxa1 27. Rxa1 b4 28. Rd1 Qe5 29. Na4 f5 30. Nb6 fxe4 31. fxe4 Rf4 32. Kh3 Rxe4 0-1